| 000 | 00774cam a2200265 a 4500 | ||
|---|---|---|---|
| 999 |
_c18713 _d18685 |
||
| 001 | 15806840 | ||
| 005 | 20200907145051.0 | ||
| 008 | 090708t2010 xxkak frb 001 0 eng d | ||
| 010 | _a2009932171 | ||
| 020 | _a9781849202916 | ||
| 020 | _a9781849202923 (pbk.) | ||
| 040 |
_aDLC _cDLC _dDLC _dEG-ScBUE |
||
| 082 | 0 | 0 |
_a302.23 _222 _bMCQ |
| 100 | 1 |
_aMcQuail, Denis _936781 |
|
| 245 | 1 | 0 |
_aMcQuail's mass communication theory / _cDenis McQuail. |
| 250 | _a6th ed. | ||
| 260 |
_aLondon : _bSAGE Publications, _cc.2010. |
||
| 300 |
_aviii, 621 p. : _bforms, tables ; _c24 cm. |
||
| 500 | _aIncludes indexes. | ||
| 504 | _aBibliography : p. 574-613. | ||
| 650 | 0 |
_aMass media _99699 _2BUEsh |
|
| 651 | _2BUEsh | ||
| 653 |
_bCOMAME _cDecember2014 |
||
| 942 |
_2ddc _k302.23 MCQ |
||